000 00722nam a2200193Ii 4500
003 JO-AjNU
008 230605s9999||||xx |||||||||||||| ||und||
040 _aJO-AjNU
_bara
_erda
_cJO-AjNU
041 _aara
050 1 4 _aPJ7541 .B2
100 3 _aتاليف البلداوي، إبراهيم؛ تقديم إبراهيم السامرائي,
_eauthor
_920659
245 0 0 _aالمطلع التقليدي في القصيدة العربية: دراسة ونقد وتحليل
264 3 1 _aبغداد: مطبعة الشعب، د.ت
300 _a168ص
336 _atext
_btxt
_2rdacontent
337 _aunmediated
_bn
_2rdamedia
338 _avolume
_bnc
_2rdacarrier
650 4 _aشعر عربي - تاريخ ونقد
_920660
999 _aA7042
_c10610
_d10610